Librarians and online services /

Bibliographic Details
Main Author: Cochrane, Pauline A. (Pauline Atherton), 1929-
Other Authors: Christian, Roger W., 1928-
Format: Book
Language:English
Published: White Plains, N.Y. : Knowledge Industry Publications, [1977]
Subjects:

MARC

Tag First Indicator Second Indicator Subfields
LEADER 00000cam a22000008i 4500
001 in00000625621
005 20151014172501.0
008 771116s1977 nyu b 00110 eng
010 |a  77025275  
020 |a 091423613X 
035 |a (OCoLC)03516408 
035 |9 ACS8067AM 
040 |a DLC  |c DLC  |d VRC  |d IAV  |d TXA  |d UtOrBLW 
049 |a TXAM  |c [929232] 
050 0 0 |a Z678.9  |b .A83 
082 0 |a 025.3/028/54 
096 |a Z 678 A869 1977 
100 1 |a Cochrane, Pauline A.  |q (Pauline Atherton),  |d 1929- 
245 1 0 |a Librarians and online services /  |c by Pauline Atherton and Roger W. Christian. 
264 1 |a White Plains, N.Y. :  |b Knowledge Industry Publications,  |c [1977] 
264 4 |c ©1977 
300 |a ii, 124 pages ;  |c 28 cm. 
336 |a text  |b txt  |2 rdacontent 
337 |a unmediated  |b n  |2 rdamedia 
338 |a volume  |b nc  |2 rdacarrier 
500 |a Includes index. 
504 |a Bibliography: pages 121-122. 
650 0 |a Libraries  |x Automation. 
650 2 |a Library Services. 
650 2 |a Online Systems. 
650 0 |a Online data processing. 
700 1 |a Christian, Roger W.,  |d 1928- 
999 |a MARS 
999 f f |s 9f8a1080-7f58-3bdf-a6d3-dca7ecece428  |i 95d9acf8-13a2-32d8-86e2-f01462451556  |t 0 
952 f f |p ric  |a Texas A&M University  |b Rellis Campus  |c Joint Library Facility  |d Remote Storage  |t 0  |e Z678.9 .A83  |h Library of Congress classification  |i unmediated -- volume  |m A14805735801 
998 f f |a Z678.9 .A83  |t 0  |l Remote Storage